Landen van de wereld die eindigen op -land - Statistieken

Algemene statistieken
  • Deze quiz is 144 keer genomen
  • De gemiddelde score is 9 van 12
Antwoordstatistieken
Antwoord % Correct
Nederland
93%
Duitsland
84%
Estland
84%
Finland
84%
Letland
84%
Thailand
79%
Ierland
77%
Griekenland
76%
Rusland
76%
Zwitserland
71%
IJsland
69%
Nieuw-Zeeland
66%
Geen overeenkomende quizzen gevonden
Scoreverdeling
Procent van Mensen met Elke Score
Percentiel versus Aantal Correcte Antwoorden
Uw Scoregeschiedenis
U heeft deze quiz nog niet genomen